P-MODELの全楽曲 - Statistics

General Stats
  • This quiz has been taken 5 times
  • The average score is 52 of 150
Answer Stats
Hint Answer % Correct
夢見る力に
67%
音楽産業廃棄物〜P-MODEL OR DIE 論理空軍
67%
KARKADOR 1778-1985
67%
P-MODEL 2D OR NOT 2D
67%
ONE PATTERN Another Day
67%
電子悲劇/~ENOLA(+6) ASHURA CLOCK
67%
電子悲劇/~ENOLA ASHURA CLOCK (Discommunicator)
67%
音楽産業廃棄物〜P-MODEL OR DIE Heaven 2000
67%
LANDSALE I AM ONLY YOUR MODEL
67%
P-MODEL NO ROOM
67%
Perspective Perspective II
67%
電子悲劇/~ENOLA Rocket Shoot II
67%
P-MODEL SPEED TUBE
67%
IN A MODEL ROOM 美術館で会った人だろ
33%
IN A MODEL ROOM ヘルス・エンジェル
33%
IN A MODEL ROOM ルームランナー
33%
IN A MODEL ROOM ソフィスティケイティッド
33%
IN A MODEL ROOM 子供たちどうも
33%
IN A MODEL ROOM サンシャイン・シティー
33%
IN A MODEL ROOM 偉大なる頭脳
33%
IN A MODEL ROOM ホワイト・シガレット
33%
IN A MODEL ROOM アート・ブラインド
33%
LANDSALE オハヨウ
33%
LANDSALE ダイジョブ
33%
LANDSALE ラヴストーリー
33%
LANDSALE ドクター・ストップ
33%
LANDSALE タッチ・ミー
33%
LANDSALE ナ・カ・ヨ・シ
33%
LANDSALE ミサイル
33%
LANDSALE リトルボーイ
33%
LANDSALE ワンウェイラヴ
33%
LANDSALE 異邦人
33%
LANDSALE 地球儀
33%
Potpourri 青十字
33%
Potpourri ブループリント
33%
Potpourri フィルム
33%
Potpourri モノクローム・スクリーン
33%
Potpourri ナチュラル
33%
Potpourri いまわし電話
33%
Perspective 列車
33%
Perspective うわばみ
33%
Perspective のこりギリギリ
33%
ANOTHER GAME フ・ル・ヘッ・ヘッ・ヘッ
33%
SCUBA 七節男
33%
KARKADOR オルガン山にて
33%
KARKADOR ダンス素凡夫
33%
KARKADOR サイボーグ
33%
KARKADOR オール
33%
ONE PATTERN メビウスの帯
33%
ONE PATTERN ハーモニウム
33%
ONE PATTERN サンパリーツ
33%
Big body 時間等曲率漏斗館へようこそ
33%
ソリトン
33%
舟(+3) はじまりの日
33%
音楽産業廃棄物〜P-MODEL OR DIE ローレシア
33%
音楽産業廃棄物〜P-MODEL OR DIE 回収船
33%
3/4[March 4th]
33%
電子悲劇/~ENOLA(+6) AFFIRMATION
33%
電子悲劇/~ENOLA 衛星ALONE
33%
音楽産業廃棄物〜P-MODEL OR DIE Ancient Sounds
33%
ANOTHER GAME ANOTHER GAME step1
33%
Potpourri anothersmell
33%
Potpourri aqualife
33%
電子悲劇/~ENOLA A Strange Fruit
33%
ONE PATTERN Astro Notes
33%
ANOTHER GAME ATOM-SIBERIA
33%
ANOTHER GAME AWAKENING SLEEP〜αclick
33%
電子悲劇/~ENOLA(+6) BA-DA-DHA
33%
Big body BIG FOOT
33%
Big body BIIIG EYE
33%
ANOTHER GAME BIKE
33%
Big body BINARY GHOST
33%
電子悲劇/~ENOLA Black in White
33%
Perspective II Blümcale
33%
SCUBA BOAT
33%
電子悲劇/~ENOLA BOGY
33%
Big body 幼形成熟BOX
33%
Big body BURNING BRAIN
33%
Big body CLUSTER
33%
Perspective Coelacanth
33%
電子悲劇/~ENOLA(+6) COLORS
33%
Potpourri different≠another
33%
ONE PATTERN おやすみDOG
33%
ONE PATTERN Drums
33%
音楽産業廃棄物〜P-MODEL OR DIE DUSToidよ歩行は快適か?
33%
ANOTHER GAME ECHOES
33%
電子悲劇/~ENOLA ENN
33%
電子悲劇/~ENOLA ENOLA
33%
P-MODEL ERROR OF UNIVERSE
33%
SCUBA FISH SONG
33%
ANOTHER GAME FLOOR
33%
SCUBA FROZEN BEACH
33%
Fune
33%
ANOTHER GAME GOES ON GHOST
33%
P-MODEL GRID
33%
ANOTHER GAME HARM HERMONIZER
33%
Perspective HEAVEN
33%
電子悲劇/~ENOLA(+6) HIDDEN PROTOCOL
33%
電子悲劇/~ENOLA HIDDEN PROTOCOL (release 2)
33%
ANOTHER GAME HOLLAND ELEMENT
33%
Home
33%
Big body HOMO GESTALT
33%
KARKADOR HOURGLASS
33%
舟(+3) http
33%
Potpourri ジャングルベッドI
33%
Potpourri ジャングルベッドII
33%
Big body JOURNEY THROUGH YOUR BODY
33%
IN A MODEL ROOM KAMEARI POP
33%
KARKADOR KAR¢ADOR
33%
KARKADOR KARKADOR
33%
P-MODEL LAB=01
33%
電子悲劇/~ENOLA(+6) LAYER-GREEN
33%
電子悲劇/~ENOLA LAYER-GREEN (ver.1.05 Gold)
33%
KARKADOR LEAK
33%
ONE PATTERN LICORICE LEAF
33%
SCUBA LOOPING OPPOTISION
33%
Potpourri marvel
33%
Perspective II Mercator
33%
音楽産業廃棄物〜P-MODEL OR DIE Mind Scape
33%
IN A MODEL ROOM MOMO色トリック
33%
音楽産業廃棄物〜P-MODEL OR DIE Moon Plant-II
33%
ANOTHER GAME MOUTH TO MOUTH
33%
ONE PATTERN OH MAMA!
33%
ANOTHER GAME PERSONAL PULSE
33%
Perspective Perspective
33%
KARKADOR PIPER
33%
Potpourri Potpourri
33%
Preparation
33%
P-MODEL PSYCHOID
33%
音楽産業廃棄物〜P-MODEL OR DIE Rehash
33%
SCUBA REM SLEEP
33%
舟(+3) Rocket Shoot
33%
残骸の船Saksit
33%
SCUBA SCUBA
33%
Perspective Solid Air
33%
電子悲劇/~ENOLA Spiritus
33%
Tide
33%
P-MODEL VISTA
33%
音楽産業廃棄物〜P-MODEL OR DIE Waste Cabaret
33%
Welcome
33%
P-MODEL WIRE SELF
33%
ONE PATTERN Zebra
33%
Perspective Zombi
33%
Big body CHEVRON
0%
P-MODEL CLEAR
0%
P-MODEL GO AMIGO
0%
SCUBA オハヨウII
0%
Julia Bird
0%
Mirror Image
0%
P-MODEL STONE AGE!
0%
No matching quizzes found
Score Distribution
Percent of People with Each Score
Percentile by Number Answered
Your Score History
You have not taken this quiz